<?xml version="1.0" encoding="UTF-8"?>
<record
    xmlns:xsi="http://www.w3.org/2001/XMLSchema-instance"
    xsi:schemaLocation="http://www.loc.gov/MARC21/slim http://www.loc.gov/standards/marcxml/schema/MARC21slim.xsd"
    xmlns="http://www.loc.gov/MARC21/slim">

  <leader>01074nam a2200217 i 4500</leader>
  <controlfield tag="001">187480</controlfield>
  <controlfield tag="003">ES-MaACL</controlfield>
  <controlfield tag="005">20230906222935.0</controlfield>
  <controlfield tag="008">170822s1786    sp           |||| | spa d</controlfield>
  <datafield tag="080" ind1=" " ind2=" ">
    <subfield code="a">616.98:578.824</subfield>
  </datafield>
  <datafield tag="100" ind1="1" ind2=" ">
    <subfield code="a">Leroux, Laurent-Charles-Pierre.</subfield>
    <subfield code="9">163533</subfield>
  </datafield>
  <datafield tag="245" ind1="1" ind2="0">
    <subfield code="a">Disertacion acerca de la rabia : </subfield>
    <subfield code="b">espontanea o de causa interna, y de causa externa o comunicada por la mordedura de animales rabiosos... /</subfield>
    <subfield code="c">escrita en franc&#xE9;s por Mr. Le-Roux... ; traducida al castellano, ilustrada con un discurso en que se expone la descripcion de la rabia del hombre y de los animales... por el Doctor Don Bartholom&#xE9; Pi&#xF1;era y Siles.</subfield>
  </datafield>
  <datafield tag="260" ind1=" " ind2=" ">
    <subfield code="a">Madrid : </subfield>
    <subfield code="b">En la Imp. de D. Josef Doblado, </subfield>
    <subfield code="c">1786.</subfield>
  </datafield>
  <datafield tag="300" ind1=" " ind2=" ">
    <subfield code="a">288 p. ; </subfield>
    <subfield code="c">cm.</subfield>
  </datafield>
  <datafield tag="530" ind1=" " ind2=" ">
    <subfield code="a">Disponible en formato digital.</subfield>
  </datafield>
  <datafield tag="594" ind1=" " ind2=" ">
    <subfield code="a">Encabezamiento tomado del Cat. de la Bibl. Nac. de Par&#xED;s.</subfield>
  </datafield>
  <datafield tag="650" ind1=" " ind2="4">
    <subfield code="a">Rabia.</subfield>
    <subfield code="9">136800</subfield>
  </datafield>
  <datafield tag="700" ind1="1" ind2=" ">
    <subfield code="a">Pi&#xF1;era y Siles, Bartolom&#xE9;.</subfield>
    <subfield code="9">92271</subfield>
  </datafield>
  <datafield tag="852" ind1=" " ind2=" ">
    <subfield code="a">ES-MaACL</subfield>
    <subfield code="j">R-1386  </subfield>
    <subfield code="x"> Olim: G-15140</subfield>
  </datafield>
  <datafield tag="856" ind1=" " ind2=" ">
    <subfield code="u">https://archive.org/details/b28761637/page/n6 </subfield>
    <subfield code="z">Internet Archive</subfield>
  </datafield>
  <datafield tag="999" ind1=" " ind2=" ">
    <subfield code="c">187480</subfield>
    <subfield code="d">187480</subfield>
  </datafield>
  <datafield tag="952" ind1=" " ind2=" ">
    <subfield code="0">0</subfield>
    <subfield code="1">0</subfield>
    <subfield code="4">0</subfield>
    <subfield code="7">0</subfield>
    <subfield code="8">Colecci&#xF3;n_digital</subfield>
    <subfield code="a">ATENEOM</subfield>
    <subfield code="b">ATENEOM</subfield>
    <subfield code="c">DEPO</subfield>
    <subfield code="d">2017-08-22</subfield>
    <subfield code="e">SC</subfield>
    <subfield code="l">0</subfield>
    <subfield code="o">R-1386</subfield>
    <subfield code="p">1197945</subfield>
    <subfield code="r">2023-02-23 00:00:00</subfield>
    <subfield code="w">2023-02-23</subfield>
    <subfield code="y">MONANT</subfield>
  </datafield>
</record>
